| 000 | 00366pam a2200157a 44500 | ||
|---|---|---|---|
| 008 | 230515b2018 xxu||||| |||| 00| 0 eng d | ||
| 020 | _aNULL | ||
| 041 | _aENGLISH | ||
| 082 | _a005.26 | ||
| 100 | _aLEVENTHAL LANCE | ||
| 245 | _a8080A/ 8085 ASSEMBLY LANGUAGE PROGRAMMING | ||
| 250 | _a1986 | ||
| 260 |
_aPUNE _bN/A _c2018 |
||
| 300 | _a16.25 | ||
| 650 | _aNULL | ||
| 999 |
_c667156 _d667156 |
||